Diseño del sistema de alcantarillado sanitario para los pueblos Diriá y Diriomo, aplicando el programa AutoCAD, Land Development Desktop R2

Presenta un estudio completo, paso a paso, del diseño de la red de alcantarillado sanitario convencional para los pueblos Diriá y Diriomo, del departamento de Granada. El sistema de alcantarillado será del tipo separado y de acuerdo a la topografía del terreno sus aguas residuales drenaran por g...

Full description

Bibliographic Details
Main Authors: Cruz Reyes, Julio Cesar, Algaba López, Freddy Ernesto
Other Authors: Tutor: Baldizón Aguilar, María Elena
Format: Tesis Section = Libro
Language:Undetermined
Spanish
Published: Managua UNI 2006
Subjects:
LEADER 01180nam a2200253Ia 4500
008 240830s9999 xx 000 0 und d
040 |a BIBLIOTECA-RUPAP Mon 628.2 C957 
041 |a spa 
082 |a Mon 628.2 C957 
100 1 |a Cruz Reyes, Julio Cesar 
100 1 |b Algaba López, Freddy Ernesto 
245 1 0 |a Diseño del sistema de alcantarillado sanitario para los pueblos Diriá y Diriomo, aplicando el programa AutoCAD, Land Development Desktop R2 
260 |a Managua  |b UNI  |c 2006 
300 |a 101 p. :il. 
500 |a Contiene: anexos. 
502 |a Tesis (Ingeniero Civil)- UNI, 2006. 
520 3 |a Presenta un estudio completo, paso a paso, del diseño de la red de alcantarillado sanitario convencional para los pueblos Diriá y Diriomo, del departamento de Granada. El sistema de alcantarillado será del tipo separado y de acuerdo a la topografía del terreno sus aguas residuales drenaran por gravedad en un 85 %. 
650 7 |a ALCANTARILLADO SANITARIO. 
650 7 |b SISTEMA DE ALCANTARILLADO 
650 7 |c RED DE ALCANTARILLADO SANITARIO-OISENTO 
700 1 |a Tutor:  |b Baldizón Aguilar, María Elena 
942 |c BK  |2 ddc 
991 |a TESIS 
999 |c 16307